header

Antithetical arts (Record no. 427)

MARC details
000 -LEADER
fixed length control field 01212nam a2200301Ia 4500
100 1# - MAIN ENTRY--AUTHOR NAME
Personal name Kivy, Peter.
245 10 - TITLE STATEMENT
Title Antithetical arts
260 ## - PUBLICATION, DISTRIBUTION, ETC. (IMPRINT)
Place of publication Oxford :
Name of publisher Clarendon Press ;
Place of publication Oxford ;
-- New York :
Name of publisher Oxford University Press,
Year of publication 2009.
300 ## - PHYSICAL DESCRIPTION
Number of Pages ix, 275 p. :
Other physical details ill., music.
650 #0 - SUBJECT ADDED ENTRY--TOPICAL TERM
Topical Term Music and literature.
Topical Term Absolute music.
856 40 - ELECTRONIC LOCATION AND ACCESS
Uniform Resource Identifier http://site.ebrary.com/lib/rucke/Doc?id=10288404

No items available.

© 2026 Rongo University
Contact us: librarian | system librarian | Rongo university